ভারতীয় দর্শন / (Record no. 84666)
[ view plain ]
| 000 -LEADER | |
|---|---|
| fixed length control field | 00820nam a2200229 a 4500 |
| 001 - CONTROL NUMBER | |
| control field | 84666 |
| 003 - CONTROL NUMBER IDENTIFIER | |
| rucl marc code | BD-RjUL |
| 005 - DATE AND TIME OF LATEST TRANSACTION | |
| control field | 20250211151135.0 |
| 008 - FIXED-LENGTH DATA ELEMENTS--GENERAL INFORMATION | |
| fixed length control field | 250211s1980 ii ||||| |||| 00| 0 eng d |
| 035 ## - SYSTEM CONTROL NUMBER | |
| System control number | (BD-RjUL)84666 |
| 040 ## - CATALOGING SOURCE | |
| Original cataloging agency | BD-RjUL |
| Language of cataloging | eng |
| Transcribing agency | BD-RjUL |
| 041 ## - LANGUAGE CODE | |
| Language code of text/sound track or separate title | ben |
| 082 ## - DEWEY DECIMAL CLASSIFICATION NUMBER | |
| Edition number | 23 |
| Classification number | 181.4 |
| Author mark and year | SEB 1980 |
| 100 ## - MAIN ENTRY--PERSONAL NAME | |
| Personal name | সেনগুপ্ত, প্রমোদ বন্ধু |
| 9 (RLIN) | 14952 |
| 245 ## - TITLE STATEMENT | |
| Title | ভারতীয় দর্শন / |
| Statement of responsibility, etc. | প্রমোদ বন্ধু সেনগুপ্ত |
| 260 ## - PUBLICATION, DISTRIBUTION, ETC. (IMPRINT) | |
| Place of publication, distribution, etc. | কলিকাতা : |
| Name of publisher, distributor, etc. | ব্যনার্জী পাবলিশার্স, |
| Date of publication, distribution, etc. | ১৯৮০ |
| 300 ## - PHYSICAL DESCRIPTION | |
| Pagination | খণ্ড; |
| Size | ২২ সেমি. |
| 505 01 - FORMATTED CONTENTS NOTE | |
| Formatted contents note | Vol.1-- |
| 650 ## - SUBJECT ADDED ENTRY--TOPICAL TERM | |
| Topical term or geographic name as entry element | দর্শন |
| Geographic subdivision | ভারত |
| 9 (RLIN) | 14953 |
| Topical term or geographic name as entry element | Philosophy |
| Geographic subdivision | India |
| 9 (RLIN) | 14954 |
| 942 ## - ADDED ENTRY ELEMENTS (KOHA) | |
| Source of classification or shelving scheme | Dewey Decimal Classification |
| Koha item type | Books |
| Lost status | Source of classification or shelving scheme | Damaged status | Not for loan | Collection code | Permanent Location | Current Location | Shelving location | Date acquired | Source of acquisition | Total Checkouts | Full call number | Date last seen | Copy number | Koha item type |
|---|---|---|---|---|---|---|---|---|---|---|---|---|---|---|
| Dewey Decimal Classification | Not For Loan | Non-fiction | Central Library, University of Rajshahi | Central Library, University of Rajshahi | Reading Room | 30/06/1981 | Aligarh library, Rajshahi | B 181.4 SEB V-1 1980 | 11/02/2025 | C-1 | Books |